Captain Underpants and the big, bad battle of the Bionic Booger Boy, part 1 : (Record no. 1785)

MARC details
000 -LEADER
fixed length control field 01076cam a2200289 a 4500
005 - DATE AND TIME OF LATEST TRANSACTION
control field 20240710104706.0
020 ## - INTERNATIONAL STANDARD BOOK NUMBER
International Standard Book Number 0439376092 (Hardcover : alk. paper)
020 ## - INTERNATIONAL STANDARD BOOK NUMBER
International Standard Book Number 9780439376105
040 ## - CATALOGING SOURCE
Original cataloging agency DLC
Transcribing agency DLC
Modifying agency DLC
Language of cataloging eng
050 00 - LIBRARY OF CONGRESS CALL NUMBER
Classification number PZ7.P63123
082 ## - DEWEY DECIMAL CLASSIFICATION NUMBER
Classification number 813.6
100 1# - MAIN ENTRY--PERSONAL NAME
Personal name Pilkey, Dav,
Dates associated with a name 1966-
245 10 - TITLE STATEMENT
Title Captain Underpants and the big, bad battle of the Bionic Booger Boy, part 1 :
Remainder of title the night of the nasty nostril nuggets : the sixth epic novel /
Statement of responsibility, etc. by Dav Pilkey.
260 ## - PUBLICATION, DISTRIBUTION, ETC.
Place of publication, distribution, etc. New York :
Name of publisher, distributor, etc. Scholastic,
Date of publication, distribution, etc. 2003.
300 ## - PHYSICAL DESCRIPTION
Extent 173 pages :
Other physical details illustrations ;
Dimensions 20 cm
505 ## - FORMATTED CONTENTS NOTE
Formatted contents note O
520 ## - SUMMARY, ETC.
Summary, etc. A snotty situation ensues when Melvin Sneedley, an academically gifted student, turns into the Bionic Booger Boy and must be stopped by George, Harold, and Captain Underpants.
521 ## - TARGET AUDIENCE NOTE
Target audience note 850 <br/>
Source Lexile
521 ## - TARGET AUDIENCE NOTE
Target audience note O <br/>
Source Raz-Plus
650 #1 - SUBJECT ADDED ENTRY--TOPICAL TERM
Topical term or geographic name entry element School principals
Form subdivision Fiction.
650 #1 - SUBJECT ADDED ENTRY--TOPICAL TERM
Topical term or geographic name entry element Schools
Form subdivision Fiction.
650 #1 - SUBJECT ADDED ENTRY--TOPICAL TERM
Topical term or geographic name entry element Heroes
Form subdivision Fiction.
650 #1 - SUBJECT ADDED ENTRY--TOPICAL TERM
Topical term or geographic name entry element Humorous stories.
906 ## - LOCAL DATA ELEMENT F, LDF (RLIN)
a 7
b cbc
c orignew
d 1
e ecip
f 20
g y-gencatlg
942 ## - ADDED ENTRY ELEMENTS (KOHA)
Source of classification or shelving scheme Dewey Decimal Classification
Koha item type Books
Suppress in OPAC No
999 ## -
-- 1785
-- 1785
Holdings
Withdrawn status Lost status Source of classification or shelving scheme Damaged status Not for loan Collection Home library Current library Shelving location Date acquired Total Checkouts Full call number Barcode Date last seen Date last checked out Copy number Price effective from Koha item type
    Dewey Decimal Classification     Fiction Footprints International School Library Network Toul Kork Campus Footprints International School Library Network Toul Kork Campus A TK Campus, Comic Books (All Reading Levels), B401 Bookcase 1/2, Shelf 3 09/29/2023 2 PIL 813.6 PZ7.P63123 FISTK05131 03/23/2026 03/07/2026 1 09/29/2023 Books
    Dewey Decimal Classification     Fiction Footprints International School Library Network Toul Kork Campus Footprints International School Library Network Toul Kork Campus A TK Campus, Comic Books (All Reading Levels), B401 Bookcase 1/2, Shelf 3 07/10/2024   PIL 813.6 PZ7.P63123 FISTK00559 05/19/2025   2 07/10/2024 Books